| 000 | 01199cam a2200301 a 4500 | ||
|---|---|---|---|
| 001 | 2617157 | ||
| 003 | OSt | ||
| 005 | 20170105101150.0 | ||
| 008 | 980821s1998 nyua b 001 0 eng | ||
| 010 | _a 98042281 | ||
| 020 | _a0306459434 | ||
| 040 |
_aDLC _cDLC _dDLC |
||
| 050 | 0 | 0 |
_aBF698.8.N46 _bP54 1998 |
| 082 | 0 | 0 |
_a155.2/83 _221 |
| 100 | 1 |
_aPiedmont, Ralph L., _d1958- |
|
| 245 | 1 | 4 |
_aThe revised NEO Personality Inventory : _bclinical and research applications / _cRalph L. Piedmont. |
| 260 |
_aNew York : _bPlenum Press, _cc1998. |
||
| 300 |
_axx, 286 p. : _bill. ; _c24 cm. |
||
| 440 | 4 | _aThe Plenum series in social/clinical psychology | |
| 504 | _aIncludes bibliographical references (p. 255-275) and indexes. | ||
| 650 | 0 | _aNEO Personality Inventory. | |
| 650 | 0 | _aNEO Five-Factor Inventory. | |
| 856 | 4 | 2 |
_3Publisher description _uhttp://www.loc.gov/catdir/enhancements/fy0819/98042281-d.html |
| 856 | 4 | 1 |
_3Table of contents only _uhttp://www.loc.gov/catdir/enhancements/fy0819/98042281-t.html |
| 906 |
_a7 _bcbc _corignew _d1 _eocip _f19 _gy-gencatlg |
||
| 942 |
_2ddc _cBK |
||
| 999 |
_c2383 _d2383 |
||